Introduction to insurance laws (Record no. 32489)

MARC details
000 -LEADER
fixed length control field 00493nam a2200181Ia 4500
008 - FIXED-LENGTH DATA ELEMENTS--GENERAL INFORMATION
fixed length control field 230917s9999||||xx |||||||||||||| ||und||
020 ## - ISBN
Price RS340
040 ## - CATALOGING SOURCE
-- 251221
Original cataloging agency VIVEKANANDA LIBRARY
041 ## - Language
-- English
082 ## - DDC NUMBER
Classification number 346.086 M278I(2)
100 ## - MAIN ENTRY--PERSONAL NAME
Personal name Mahipal, Naresh
245 #0 - TITLE STATEMENT
Title Introduction to insurance laws
250 ## - EDITION STATEMENT
Edition statement 2nd ed.
260 ## - PUBLICATION, DISTRIBUTION, ETC. (IMPRINT)
Place of publication, distribution, etc Allahabad
Name of publisher, distributor, etc Central Law Publications
Date of publication, distribution, etc 2017
300 ## - PHYSICAL DESCRIPTION
Pages xxviii, 556 p.
500 ## - GENERAL NOTE
General note 3584 19/08/2019 HBD18/7564 05/12/2018 Main Budget
942 ## - ADDED ENTRY ELEMENTS (KOHA)
Koha item type Books
Holdings
Withdrawn status Lost status Damaged status Not for loan Location (home branch) Sublocation or collection (holding branch) Date acquired Koha issues (times borrowed) Koha full call number Accession No. Koha date last seen Koha item type
        VIVEKANANDA LIBRARY VIVEKANANDA LIBRARY 24/12/2018 5 346.086 M278I(2) 375827 10/01/2025 Books
        VIVEKANANDA LIBRARY VIVEKANANDA LIBRARY 24/12/2018 6 346.086 M278I(2) 375828 10/01/2025 Books
        VIVEKANANDA LIBRARY VIVEKANANDA LIBRARY 24/12/2018 4 346.086 M278I(2) 375829 10/01/2025 Books
        VIVEKANANDA LIBRARY VIVEKANANDA LIBRARY 24/12/2018 1 346.086 M278I(2) 375830 01/12/2023 Books
        VIVEKANANDA LIBRARY VIVEKANANDA LIBRARY 24/12/2018 5 346.086 M278I(2) 375831 10/01/2025 Books
        VIVEKANANDA LIBRARY VIVEKANANDA LIBRARY 24/12/2018 6 346.086 M278I(2) 376288 27/11/2025 Books
        VIVEKANANDA LIBRARY VIVEKANANDA LIBRARY 24/12/2018 9 346.086 M278I(2) 376289 16/03/2026 Books
        VIVEKANANDA LIBRARY VIVEKANANDA LIBRARY 24/12/2018 4 346.086 M278I(2) 376290 30/09/2025 Books
        VIVEKANANDA LIBRARY VIVEKANANDA LIBRARY 24/12/2018 7 346.086 M278I(2) 376291 13/01/2025 Books
        VIVEKANANDA LIBRARY VIVEKANANDA LIBRARY 24/12/2018 5 346.086 M278I(2) 376292 15/01/2025 Books
© Designed and Maintained by Vivekananda Library, MDU Rohtak